000 01407cam a2200397 a 4500
001 20792
003 VRT
005 20260203160438.0
008 160314s1992 xo 0000f slo
015 _aSNBA1993/07
020 _a8085352087
035 _aSNK000014723
039 9 _a202411181551
_bAUTHORITY
_c202112011915
_dcsnk01
_c202108090914
_dAUTHORITY
_c202108090903
_dAUTHORITY
040 _aSNK
_bslo
_cSNK
_eAACR2
041 1 _aslo
_hspa
044 _axo
_cSK
080 _a860-3
_21981
100 1 _aTorrente Ballester, Gonzalo,
_d1910-1997
_4aut
240 1 0 _aGrónica del Rey pasmado
_lSlovensky
245 1 0 _aKráľovská história
_cGonzalo Torrente Ballester ; preložila Emília Obuchová
250 _a1. vyd.
260 _aBratislava
_bRemedium
_c1992
300 _a187 s.
_c21 cm
500 _aPreložené zo španielčiny
655 7 _ašpanielske romány
_2SNKPH
655 7 _ahistorické romány
_2SNKPH
700 1 _aObuchová, Emília,
_d1932-
_4trl
910 _asnk
942 _2ddc
_cKLDO
_n0
949 _617A1010209
_asnkSC 84040
949 _617A0265156
_9P60, <05>, [BOOK], {605}
_asnkSC 84040 D1
_bsnkKSP 5309/93
949 _6270001000013812
_asvkbbA 83610
_bsvkbbm 578324
_p578.324
949 _6270001000013813
_asvkbbA 83610
_bsvkbbm 578601
_p578.601
949 _6273K0203110
_asvkpoA 160395
_bsvkpo395738
_oPV 4827/93
999 _c20792
_d20792